Nazwy pociągów PKP IC na stacji Lublin Główny - Statystyki

Ogólne statystyki
  • Ten quiz został rozwiązany 81 razy
  • Średni wynik to 10 z 22
Statystyki odpowiedzi
Hint Odpowiedź % Poprawnych
TLK Inka
56%
IC Kujawiak
56%
IC Zamoyski
56%
IC Bolko
52%
IC Chełmianin
52%
IC Hetman
52%
TLK Wyczółkowski
51%
TLK Czechowicz
49%
IC Górski
48%
IC Kochanowski
46%
IC Lubuszanin
46%
TLK Mierzeja
46%
IC Jagiełło
44%
IC Sztygar
44%
TLK Staszic
43%
IC Morcinek
41%
IC Kiev Express
39%
IC Konopnicka
38%
TLK Ustronie
38%
IC Czartoryski
34%
IC Baczyński
26%
IC Rubinstein
21%
Nie znaleziono quizów pasujących do podanych kryteriów
Rozkład punktacji
Procent ludzi z każdym wynikiem
Percentyl według liczby udzielonych odpowiedzi
Twoja historia wyników
Nie rozwiązałeś tego quizu